00527nam a2200205Ia 4500003000900000008004100009040001300050040001300063041000800076100001800084100000800102245008000110250000900190260005300199260000900252300001100261300001000272490003300282490000600315IT-RoPAU120407s9999 xx 000 0 und d aIT-RoPAU cIT-RoPAU aita aAndrea Damino cssp aDon Alberione al concilio Vaticano II Proposte, Interventi e “.Appunti” aRoma aEd Archivio Storico Generale della Fam. Paolina, c1994 a239 p. c21 cm a(Archivio St. Gener..F.P. 23 v1